000 01334nam0a2200373 4500
001 RU\NLR\BIBL_A\012463058
005 20210422094141.0
010 _a978-5-04-107683-2
_95000
021 _aRU
_bКН-П-20-066076
_9КН-П-20-4962
035 _a(NLR Aleph) 012463058
035 _a(RuMoRGB)010457310
090 _a12035553
_c12035553
100 _a20210301d2020 d y0rusy50 ca
101 1 _arus
_ceng
102 _aRU
105 _aa|||z|||000ay
181 0 _ai
_baxxe
182 0 _an
200 1 _aМальчик с одним именем
_e[для среднего школьного возраста]
_fДж. Р. Воллис
_g[перевод с английского А. И. Долгой]
203 _aТекст
_bвизуальный
_cнепосредственный
210 _aМосква
_cЭксмо
_d2020
215 _a396, [1] с.
_cил.
_d21
225 1 _aДжонс и Руби в пустынных землях
_v1
225 1 _aФэнтези для подростков
333 _a12+
686 0 _aШ9(4Вл)62-4
700 1 _aВоллис
_bД. Р.
_gДж. Р.
_3RU\NLR\AUTH\770229435
942 _cBOOK
980 _aNBR
980 _aNB